000 00474pab a2200169 454500
008 180718b2006 xxu||||| |||| 00| 0 eng d
100 _aLokshin, Michael
245 _aRobustness of subjective welfare analysis in a poor developing country: Madagascar 2001
260 _c2006
300 _ap.559-91.
362 _aMay
650 _aPoverty
700 _aPaternostro, Stefano
700 _aUmapathi, Nithin
773 _aJournal of Development Studies
909 _a70345
999 _c70345
_d70345